Hindu law, past and present : (Record no. 49066)
[ view plain ]
| 000 -LEADER | |
|---|---|
| fixed length control field | 00903nam a2200241 a 4500 |
| 001 - CONTROL NUMBER | |
| control field | 49066 |
| 003 - CONTROL NUMBER IDENTIFIER | |
| rucl marc code | BD-RjUL |
| 005 - DATE AND TIME OF LATEST TRANSACTION | |
| control field | 20211209054629.0 |
| 008 - FIXED-LENGTH DATA ELEMENTS--GENERAL INFORMATION | |
| fixed length control field | 160817s1957 ii b 001 0 eng d |
| 035 ## - SYSTEM CONTROL NUMBER | |
| System control number | (BD-RjUL)49185 |
| 040 ## - CATALOGING SOURCE | |
| Original cataloging agency | DLC |
| Transcribing agency | TJC |
| Modifying agency | IXA |
| -- | EQO |
| -- | BD-RjUL |
| Language of cataloging | eng |
| 041 ## - LANGUAGE CODE | |
| Language code of text/sound track or separate title | eng |
| 082 ## - DEWEY DECIMAL CLASSIFICATION NUMBER | |
| Classification number | 294.594 |
| Edition number | 23 |
| Author mark and year | DEH 1957 |
| 100 1# - MAIN ENTRY--PERSONAL NAME | |
| Personal name | Derrett, J. Duncan M., |
| Dates associated with a name | 1922-2012. |
| 9 (RLIN) | 142773 |
| 245 10 - TITLE STATEMENT | |
| Title | Hindu law, past and present : |
| Remainder of title | being an account of the controversy which preceded the enactment of the Hindu code, the text of the code as enacted, and some comments thereon / |
| Statement of responsibility, etc. | J Duncan M Derrett |
| 260 ## - PUBLICATION, DISTRIBUTION, ETC. (IMPRINT) | |
| Place of publication, distribution, etc. | Calcutta : |
| Name of publisher, distributor, etc. | A. Mukherjee, |
| Date of publication, distribution, etc. | 1957 |
| 300 ## - PHYSICAL DESCRIPTION | |
| Pagination | xx, 408 p. ; |
| Size | 23 cm |
| 504 ## - BIBLIOGRAPHY, ETC. NOTE | |
| Bibliography, etc | Bibliography: p. [311]-318 |
| 650 #0 - SUBJECT ADDED ENTRY--TOPICAL TERM | |
| Topical term or geographic name as entry element | Hindu law |
| 9 (RLIN) | 147620 |
| Topical term or geographic name as entry element | Hindu law |
| General subdivision | Codification |
| 9 (RLIN) | 147621 |
| 710 1# - ADDED ENTRY--CORPORATE NAME | |
| Corporate name or jurisdiction name as entry element | India (Republic) |
| Form subheading | Laws, statutes, etc. |
| Title of a work | Hindu code bill. |
| 9 (RLIN) | 147622 |
| 942 ## - ADDED ENTRY ELEMENTS (KOHA) | |
| Source of classification or shelving scheme | Dewey Decimal Classification |
| Koha item type | Books |
| Lost status | Source of classification or shelving scheme | Damaged status | Not for loan | Collection code | Permanent Location | Current Location | Shelving location | Date acquired | Source of acquisition | Cost, normal purchase price | Total Checkouts | Full call number | Date last seen | Copy number | Koha item type |
|---|---|---|---|---|---|---|---|---|---|---|---|---|---|---|---|
| Dewey Decimal Classification | Non-fiction | Central Library, University of Rajshahi | Central Library, University of Rajshahi | 28/09/1981 | Indian Int., Calautta | 20.00 | 294.594 DEH 1957 | 17/08/2016 | C-2 | Books | |||||
| Dewey Decimal Classification | Non-fiction | Central Library, University of Rajshahi | Central Library, University of Rajshahi | 28/09/1981 | Kalkata : India International | 20.00 | 294.594 DEH 1957 | 04/09/2016 | C-3 | Books | |||||
| Dewey Decimal Classification | Not For Loan | Non-fiction | Central Library, University of Rajshahi | Central Library, University of Rajshahi | Reading Room | 28/09/1981 | Kolikata, India International | 20.00 | 294.594 DEH 1957 | 18/01/2017 | C-1 | Books |